Normal view
MARC view
Entry Personal Name
001 - CONTROL NUMBER
- control field: 26805
003 - CONTROL NUMBER IDENTIFIER
- control field: ARRUPE
005 - DATE AND TIME OF LATEST TRANSACTION
- control field: 20161017142557.0
008 - FIXED-LENGTH DATA ELEMENTS
- fixed length control field: 161017|| aca||aabn | a|a d
040 ## - CATALOGING SOURCE
- Original cataloging agency: ARRUPE
- Transcribing agency: ARRUPE
100 ## - HEADING--PERSONAL NAME
- Personal name: Graham, Helen,
- Titles and other words associated with a name: M.M.
670 ## - SOURCE DATA FOUND
- Source citation: Work cat.: (ARRUPE)0: Gaspar, Karl, 1947- 26800, How long? :, 1985.